Biology Timeline "Map" Quiz - Statistics

General Stats
  • This quiz has been taken 77 times
  • The average score is 5 of 15
Answers on the Map
Answers color-coded by a green-red scale on the quiz's map according to % correct below.
 
Answer Stats
Year Answer % Correct
1953 DNA Structure
91%
1660s-1670s Microscope
48%
1859 Evolution
42%
1865 Genetics
42%
1928 Penicillin
40%
1796 Smallpox Vaccine
38%
2012 CRISPR-Cas9
35%
1860s-1880s Microbiology
35%
1628 Circulation
32%
1735 Taxonomy
32%
1937 Cellular Respiration
29%
1790s Paleontology
25%
1983 Polymerase Chain Reaction
15%
1846 Anesthesia
12%
1854 Epidemiology
8%
No matching quizzes found
Score Distribution
Percent of People with Each Score
Percentile by Number Answered
Your Score History
You have not taken this quiz